Analýza ziskovosti a kapitálovej primeranosti v slovenskom bankovom sektore

Regulácia bankových subjektov ako nevyhnutná súčasť pri ovplyvňovaní bankového sektora. Hlavným motívom bankových regulačných orgánov je zavedenie opatrení, ktoré chránia veriteľov a zabraňujú bankovým rizikám. Väčšina opatrení, ktoré regulačný orgán vydáva, má dopad aj na hospodárenie komerčných bá...

ver descrição completa

Na minha lista:
Detalhes bibliográficos
Autor principal: Novotná, Adriana
Outros Autores: Kočišová, Kristína
Formato: Capítulo de Livro
Idioma:eslovaco
Assuntos:
Tags: Adicionar Tag
Sem tags, seja o primeiro a adicionar uma tag!

MARC

LEADER 00000naa a2200000 4500
001 0249733
005 20260205071637.8
041 0 |a slo 
044 |a SK 
245 1 0 |a Analýza ziskovosti a kapitálovej primeranosti v slovenskom bankovom sektore  |c Adriana Novotná, Kristína Kočišová 
520 |a Regulácia bankových subjektov ako nevyhnutná súčasť pri ovplyvňovaní bankového sektora. Hlavným motívom bankových regulačných orgánov je zavedenie opatrení, ktoré chránia veriteľov a zabraňujú bankovým rizikám. Väčšina opatrení, ktoré regulačný orgán vydáva, má dopad aj na hospodárenie komerčných bánk, čo sa následne môže prejaviť aj na ukazovateľoch ziskovosti. Analýza vývoja ukazovateľov ziskovosti a kapitálovej primeranosti v slovenskom bankovom sektore. 
610 2 0 |a primeranosť kapitálová 
610 2 0 |a regulácia finančná 
610 2 0 |a banky 
610 2 0 |a Slovensko 
610 2 0 |a zisk kapitálový 
100 1 |a Novotná, Adriana 
700 1 |a Kočišová, Kristína